Folding patterns for display and publicity
Salvato in:
| Natura: | Libro |
|---|---|
| Lingua: | inglese tedesco portoghese spagnolo italiano francese |
| Pubblicazione: |
Amsterdam
Pepin van Roejen
2002
|
| Soggetti: | |
| Tags: |
Aggiungi Tag
Nessun Tag, puoi essere il primo ad aggiungerne!!
|
MARC
| LEADER | 00000nam a2200000 a 4500 | ||
|---|---|---|---|
| 001 | UCL0689 | ||
| 003 | CL-VaPUC | ||
| 008 | 030808e20020000NE |||||||||||||||||eng|d | ||
| 020 | |a 9057680408 | ||
| 041 | 0 | 7 | |a eng |2 CL-VaPUC |
| 041 | 0 | 7 | |a ger |2 CL-VaPUC |
| 041 | 0 | 7 | |a por |2 CL-VaPUC |
| 041 | 0 | 7 | |a spa |2 CL-VaPUC |
| 041 | 0 | 7 | |a ita |2 CL-VaPUC |
| 041 | 0 | 7 | |a fre |2 CL-VaPUC |
| 082 | 0 | 4 | |a 736.98 |b FOL |2 21 |
| 245 | 1 | 0 | |a Folding patterns for display and publicity |
| 246 | 1 | 0 | |a Falzdesigns für display und werbung |
| 246 | 1 | 0 | |a Modelos de dobras para exibicao e publicidade |
| 246 | 1 | 0 | |a Diseños de pliegues para presentaciones y publicidad |
| 246 | 1 | 0 | |a Modelli da piegare per esposizione e pubblicità |
| 246 | 1 | 0 | |a Modèles de pliage pour la présentation et la publicité |
| 300 | |a 423 p | ||
| 942 | |c BK | ||
| 945 | |d 20030808 00:00:00 |a cmena | ||
| 260 | |a Amsterdam |b Pepin van Roejen |c 2002 | ||
| 500 | |a Incluye Cd-Rom | ||
| 650 | 0 | |a Publicidad |9 314572 | |
| 650 | 7 | |a DISEÑO PUBLICITARIO |2 CL-VaPUC |9 477448 | |
| 583 | |a last modification |c 20151207 12:18:39 |k Rodrigo Vera | ||
| 999 | |c 304503 |d 304501 | ||
| 952 | |0 0 |1 0 |4 0 |6 736_980000000000000_FOL_2002 |7 0 |8 R |9 366836 |a BIBARQ |b BIBARQ |d 2019-11-21 |i 3931277 |o 736.98 FOL 2002 |p 3931277 |r 2025-01-20 |w 2019-11-21 |y BK_R |k ARQ | ||